000 00686cam a2200169 a 4500
020 _a9067640794
082 _a550.3409
_bKOZ
_cD.
100 1 _aKozlov, Evgeniĭ Alekseevich.
_940440
245 1 0 _aIdentification and suppression of multiple reflections in seismic prospecting /
_cE.A. Kozlov ; [translated from the Russian by the author].
260 _aUtrecht, Netherlands :
_bVSP,
_c1988.
300 _aviii, 241 p. :
_bill. ;
_c25 cm.
500 _aTranslation of: Raspoznavanie i podavienie mnogokratnykh voin v sefismorazvedke.
526 _a0
_b0
_c0
_d550_340900000000000_KOZ
650 0 _aMCE
_9379
650 0 _aSeismic reflection method
_xDeconvolution.
_940441
942 _2ddc
_cBK
999 _c544732
_d544732